[Event "III Festival Terre degli Elimi A"]
[Site "Erice ITA"]
[Date "2012.07.26"]
[Round "2"]
[White "Cannella, Simone"]
[Black "Savalla, Gianluca"]
[WhiteElo "1800"]
[BlackElo "1572"]
[Result "1-0"]
[PlyCount "73"]
[EventDate "2012.07.25"]

1. e4 e5 2. Nc3 Nf6 3. Bc4 d6 4. d3 Be7 5. f4 Nc6 6. f5 Na5 7. Bb3 Nxb3 8. axb3
d5 9. Bg5 dxe4 10. dxe4 Qxd1+ 11. Rxd1 Bd7 12. Nf3 Bd6 13. Bxf6 gxf6 14. Nd5
O-O-O 15. Nxf6 Bc6 16. O-O h6 17. c4 a6 18. Kh1 Kb8 19. Rd3 Kc8 20. Rfd1 b6 21.
Nd5 Rhg8 22. Nxb6+ cxb6 23. Rxd6 Bxe4 24. Rxd8+ Rxd8 25. Rxd8+ Kxd8 26. Nxe5
Bxf5 27. Nxf7+ Ke7 28. Nxh6 Be6 29. g4 Kf6 30. Nf5 Bxf5 31. gxf5 Kxf5 32. b4
Ke4 33. c5 bxc5 34. bxc5 Kd5 35. h4 a5 36. h5 Kxc5 37. h6 1-0

[Event "III Festival Terre degli Elimi A"]
[Site "Erice ITA"]
[Date "2012.07.26"]
[Round "2"]
[White "Fabiano, Giuseppe"]
[Black "Valguarnera, Girolamo"]
[WhiteElo "2113"]
[BlackElo "2118"]
[Result "1-0"]
[PlyCount "71"]
[EventDate "2012.07.25"]

1. e4 e5 2. f4 exf4 3. Bc4 d6 4. d4 Nf6 5. Nc3 c6 6. Qe2 Be7 7. Bxf4 O-O 8. Bd3
Qb6 9. O-O-O Qxd4 10. Nf3 Qb4 11. a3 Qa5 12. e5 dxe5 13. Bxe5 Be6 14. Ne4 Nbd7
15. Bc3 Qa4 16. Neg5 Nd5 17. Bxh7+ Kh8 18. Rxd5 cxd5 19. Nxe6 fxe6 20. Qxe6
Rxf3 21. gxf3 Bg5+ 22. f4 Qxf4+ 23. Kb1 Nf8 24. Qxd5 Nxh7 25. Bxg7+ Kxg7 26.
Qxb7+ Kh6 27. Qxa8 Qd4 28. Qf3 Bf6 29. c3 Qb6 30. h4 a5 31. Qf4+ Kg7 32. Qg4+
Kf8 33. Rg1 Qb3 34. Qc8+ Ke7 35. Qc7+ Ke6 36. Qxh7 1-0

[Event "III Festival Terre degli Elimi A"]
[Site "Erice ITA"]
[Date "2012.07.26"]
[Round "2"]
[White "Ferrante, Filippo"]
[Black "Marzaduri, Riccardo"]
[WhiteElo "1583"]
[BlackElo "1846"]
[Result "0-1"]
[PlyCount "78"]
[EventDate "2012.07.25"]

1. c4 Nf6 2. Nc3 g6 3. g3 Bg7 4. Bg2 O-O 5. e4 d6 6. Nge2 e5 7. O-O Nfd7 8. b4
Nc6 9. Rb1 a5 10. a3 axb4 11. axb4 Nb6 12. d3 f5 13. c5 dxc5 14. bxc5 Nd7 15.
Nd5 Nxc5 16. Qc2 Ne6 17. f4 exf4 18. Nexf4 Ned4 19. Qc4 Kh8 20. Bb2 Qd6 21. Ra1
Be6 22. Nxe6 Nxe6 23. Bxg7+ Nxg7 24. exf5 Nxf5 25. Rae1 Nfd4 26. Nf4 g5 27. Nh5
Rxf1+ 28. Rxf1 Ne5 29. Qd5 Qxd5 30. Bxd5 c6 31. Be4 b5 32. Rf6 b4 33. Rd6 Nb5
34. Re6 b3 35. Rxe5 Nd6 36. Bxc6 b2 37. Bxa8 b1=Q+ 38. Kg2 Qb2+ 39. Kh3 Qxe5
0-1

[Event "III Festival Terre degli Elimi A"]
[Site "Erice ITA"]
[Date "2012.07.26"]
[Round "2"]
[White "Galante, Benedetto"]
[Black "Bertino, Giacomo"]
[WhiteElo "1657"]
[BlackElo "1987"]
[Result "0-1"]
[PlyCount "84"]
[EventDate "2012.07.25"]

1. e4 g6 2. Nf3 Bg7 3. d3 c5 4. g3 b5 5. Bg2 Bb7 6. O-O d6 7. Nbd2 Nd7 8. Rb1
Ngf6 9. b3 a5 10. a4 bxa4 11. bxa4 Bc6 12. Nc4 Ng4 13. Bb2 O-O 14. Bxg7 Kxg7
15. Qd2 Qc7 16. Rfe1 Rfb8 17. h3 Ngf6 18. Qc3 e5 19. h4 Rb4 20. Rxb4 axb4 21.
Qb2 Rxa4 22. c3 Nb6 23. Nfd2 Nxc4 24. Nxc4 Bb5 25. Qb3 Nd7 26. Rd1 Nb6 27. Nxb6
Qxb6 28. cxb4 Rxb4 29. Qc3 Ba6 30. f4 Rb3 31. Qa1 Rb2 32. fxe5 dxe5 33. Kh2 Bc8
34. Kh1 c4 35. Rf1 c3 36. Qa4 Qb5 37. Qa7 Be6 38. Bh3 Rb1 39. Bxe6 Rxf1+ 40.
Kg2 Qxd3 41. Qc7 Qf3+ 42. Kh2 Rh1# 0-1

[Event "III Festival Terre degli Elimi A"]
[Site "Erice ITA"]
[Date "2012.07.26"]
[Round "2"]
[White "Galante, Carlotta"]
[Black "Castelli, Giovanni J."]
[WhiteElo "1419"]
[BlackElo "1805"]
[Result "0-1"]
[PlyCount "90"]
[EventDate "2012.07.25"]

1. e4 c5 2. Nc3 Nc6 3. f4 g6 4. Nf3 Bg7 5. Bb5 Nd4 6. d3 Nxb5 7. Nxb5 Qa5+ 8.
Nc3 Bxc3+ 9. bxc3 Qxc3+ 10. Bd2 Qg7 11. O-O e6 12. Qe1 d6 13. Bc3 f6 14. Qh4 e5
15. f5 g5 16. Qh5+ Qf7 17. Qxf7+ Kxf7 18. h3 h5 19. g4 hxg4 20. hxg4 Nh6 21.
Nh2 Bd7 22. a4 Bc6 23. a5 d5 24. Rfe1 Ke7 25. Kf2 dxe4 26. dxe4 Nf7 27. Nf3 Nd6
28. Nd2 Rh4 29. Kg3 Rah8 30. Re3 Rh3+ 31. Kf2 Rh2+ 32. Kf1 Rh1+ 33. Kf2 R8h2+
34. Kg3 Rh3+ 35. Kf2 R1h2+ 36. Kg1 Rxe3 37. Kxh2 Rxc3 38. Ra2 Nxe4 39. Nxe4
Bxe4 40. Ra4 Rxc2+ 41. Kg3 Rg2+ 42. Kh3 Bc6 43. Rc4 Kd6 44. Rc3 Ra2 45. Rd3+
Bd5 0-1

[Event "III Festival Terre degli Elimi A"]
[Site "Erice ITA"]
[Date "2012.07.26"]
[Round "2"]
[White "Gelardi, Davide"]
[Black "Van Veenendaal, Elmer"]
[WhiteElo "1731"]
[BlackElo "2096"]
[Result "0-1"]
[PlyCount "128"]
[EventDate "2012.07.25"]

1. c4 e5 2. Nc3 Nf6 3. g3 Be7 4. Bg2 O-O 5. e3 c6 6. Qb3 d6 7. Nge2 Nbd7 8. O-O
Nb6 9. f4 Be6 10. d3 Qd7 11. e4 Bh3 12. Be3 Bxg2 13. Kxg2 Bd8 14. c5 exf4 15.
Nxf4 dxc5 16. Bxc5 Re8 17. Rad1 Bc7 18. a4 Nc8 19. Nfe2 Bb6 20. Qb4 Ng4 21. Rf3
Ne5 22. Re3 a5 23. Qd4 Qxd4 24. Bxd4 Bxd4 25. Nxd4 Ne7 26. h3 Rad8 27. Nf3 N7g6
28. Nxe5 Nxe5 29. d4 Nc4 30. Re2 Rd6 31. b3 Nb6 32. e5 Rd7 33. Ne4 Rxe5 34. Kf3
Rf5+ 35. Kg4 g6 36. Nc5 Rdd5 37. Nxb7 Nd7 38. h4 h5+ 39. Kh3 Rf3 40. Rb2 Rc3
41. Re1 Rxd4 42. Nxa5 Nf6 43. b4 Rdd3 44. Rg1 Ne4 45. Rbg2 g5 46. b5 g4+ 47.
Kh2 cxb5 48. axb5 Ra3 49. Nc4 Rab3 50. b6 Rdc3 51. Ne5 Rxb6 52. Re2 Nd6 53. Nd7
Rb5 54. Rd1 Nc4 55. Nf6+ Kg7 56. Rf1 Rf3 57. Nxh5+ Rxh5 58. Rxf3 gxf3 59. Rf2
Ne5 60. Kh3 f5 61. Rd2 Kf6 62. Rd4 Ng4 63. Rf4 f2 64. Kg2 Rh7 0-1

[Event "III Festival Terre degli Elimi A"]
[Site "Erice ITA"]
[Date "2012.07.26"]
[Round "2"]
[White "Guramishvili, Sopiko"]
[Black "Messina, Damiano"]
[WhiteElo "2400"]
[BlackElo "1939"]
[Result "1-0"]
[PlyCount "71"]
[EventDate "2012.07.25"]

1. Nf3 Nf6 2. c4 c5 3. g3 g6 4. Bg2 Bg7 5. Nc3 Nc6 6. O-O O-O 7. d4 cxd4 8.
Nxd4 a6 9. Nc2 d6 10. e4 Be6 11. Ne3 Rc8 12. Bd2 Ne5 13. b3 Qd7 14. f4 Neg4 15.
Ned5 Bxd5 16. cxd5 Ne8 17. Qf3 b5 18. Rac1 Bd4+ 19. Kh1 b4 20. Ne2 Rxc1 21.
Bxc1 Bc5 22. h3 Ngf6 23. e5 Nh5 24. Bb2 Nc7 25. g4 Ng7 26. Ng3 Nb5 27. Ne4 Bd4
28. Bxd4 Nxd4 29. Qd3 dxe5 30. fxe5 Qa7 31. Qd2 a5 32. Qh6 f6 33. d6 fxe5 34.
Ng5 Rxf1+ 35. Bxf1 exd6 36. Qxh7+ 1-0

[Event "III Festival Terre degli Elimi A"]
[Site "Erice ITA"]
[Date "2012.07.26"]
[Round "2"]
[White "Ljubisavljevic, Zivojin Z."]
[Black "Palazzotto, Giuseppe"]
[WhiteElo "2246"]
[BlackElo "1893"]
[Result "1/2-1/2"]
[PlyCount "148"]
[EventDate "2012.07.25"]

1. d4 d5 2. c3 Nf6 3. Bf4 Bf5 4. Qb3 Qc8 5. e3 e6 6. c4 c6 7. Nc3 Nbd7 8. Rc1
dxc4 9. Bxc4 b5 10. Be2 a6 11. Bf3 Qb7 12. Nge2 Be7 13. h3 Rc8 14. O-O O-O 15.
g4 Bd3 16. Qd1 Bc4 17. b3 Bxe2 18. Nxe2 Nd5 19. Bg3 Rfd8 20. e4 N5b6 21. Bg2
Nf6 22. Bh4 c5 23. Bxf6 gxf6 24. d5 Qb8 25. Qd2 Rd7 26. Qh6 Rcd8 27. Ng3 Bf8
28. Qxf6 exd5 29. Qg5+ Kh8 30. e5 Bg7 31. f4 Rg8 32. Rxc5 Qa7 33. Kh2 Nc4 34.
bxc4 Qxc5 35. cxd5 Rxd5 36. Bxd5 Qxd5 37. Rf2 f6 38. exf6 Qd4 39. Rc2 Bxf6 40.
Qf5 Rf8 41. Ne4 Bg7 42. Rc8 Qb2+ 43. Kg3 Qa3+ 44. Kh4 Qe7+ 45. g5 Rxc8 46.
Qxc8+ Qf8 47. Qxf8+ Bxf8 48. f5 Kg7 49. Kg4 a5 50. h4 b4 51. f6+ Kf7 52. Kf5 a4
53. h5 b3 54. axb3 axb3 55. g6+ hxg6+ 56. hxg6+ Kg8 57. Nd2 b2 58. Ke6 Bh6 59.
Nb1 Bf8 60. Kd7 Bh6 61. Ke8 Bf8 62. Nc3 Bb4 63. g7 Ba3 64. Nb1 Bb4 65. Kd7 Bc5
66. Ke6 Bb4 67. Kf5 Kf7 68. Ke4 Bd6 69. Kd4 Bb4 70. Kd5 Kg8 71. Kd4 Bd6 72. Ke4
Bc5 73. Kf5 Kf7 74. Kg5 Bd4 1/2-1/2

[Event "III Festival Terre degli Elimi A"]
[Site "Erice ITA"]
[Date "2012.07.26"]
[Round "2"]
[White "Lorito, Francesco"]
[Black "Dagnino, Marcello"]
[WhiteElo "1749"]
[BlackElo "1488"]
[Result "1-0"]
[PlyCount "39"]
[EventDate "2012.07.25"]

1. e4 c5 2. d3 e6 3. g3 Nc6 4. Bg2 h6 5. f4 d6 6. Nf3 Nge7 7. c3 Ng6 8. Qe2 a6
9. O-O Be7 10. Na3 Rb8 11. Nc4 b5 12. Ne3 O-O 13. Bd2 Bd7 14. Rad1 Qc8 15. d4
Nd8 16. f5 exf5 17. exf5 Nh8 18. Nd5 Nc6 19. Nxe7+ Nxe7 20. Qxe7 1-0

[Event "III Festival Terre degli Elimi A"]
[Site "Erice ITA"]
[Date "2012.07.26"]
[Round "2"]
[White "Melograni, Francesco"]
[Black "Brunello, Marina"]
[WhiteElo "1889"]
[BlackElo "2240"]
[Result "0-1"]
[PlyCount "90"]
[EventDate "2012.07.25"]

1. e4 c5 2. Nf3 d6 3. Bc4 Nc6 4. c3 Nf6 5. d3 e6 6. Bb3 Be7 7. O-O O-O 8. Bg5
b5 9. Bc2 Bb7 10. Nbd2 h6 11. Bh4 Qb6 12. Qe2 Rfe8 13. e5 dxe5 14. Nxe5 Nxe5
15. Qxe5 Bd6 16. Qe2 Qc6 17. f3 Nd5 18. Ne4 Bf8 19. Bf2 Rac8 20. Rac1 f5 21.
Ng3 Bd6 22. d4 c4 23. Be1 Qc7 24. Bb1 Bf4 25. Rc2 Ne3 26. Bf2 Nxc2 27. Qxc2 g6
28. Re1 Bd5 29. Nf1 Rb8 30. Be3 b4 31. Bxf4 Qxf4 32. Re5 Re7 33. Ne3 Reb7 34.
Nd1 h5 35. h3 Qg3 36. cxb4 Bxf3 37. a3 Be4 38. Rxe4 fxe4 39. Qxe4 Kh7 40. Qxe6
Rf8 41. Qd5 Re7 42. Qxh5+ Kg7 43. Qxg6+ Qxg6 44. Bxg6 Re1+ 45. Kh2 Rxd1 0-1

[Event "III Festival Terre degli Elimi A"]
[Site "Erice ITA"]
[Date "2012.07.26"]
[Round "2"]
[White "Meo, Antonino"]
[Black "Milletari', Ruggero"]
[WhiteElo "1646"]
[BlackElo "1796"]
[Result "0-1"]
[PlyCount "62"]
[EventDate "2012.07.25"]

1. e4 e6 2. d4 d5 3. exd5 exd5 4. Nf3 Nf6 5. c4 Bb4+ 6. Nc3 O-O 7. Be2 dxc4 8.
O-O Nc6 9. Bxc4 Bg4 10. a3 Be7 11. d5 Ne5 12. Be2 Nxf3+ 13. Bxf3 Bxf3 14. Qxf3
Rb8 15. Bf4 a6 16. Rac1 Bd6 17. Rfe1 h6 18. b4 Rc8 19. Ne4 Bxf4 20. Qxf4 Nxd5
21. Qf5 Ne7 22. Qf3 c6 23. Nc5 Qc7 24. Rcd1 Rcd8 25. h3 Rxd1 26. Rxd1 Nd5 27.
Rc1 Qe7 28. Kf1 Rb8 29. Re1 Qd6 30. Qd3 Qh2 31. f3 Nf4 0-1

[Event "III Festival Terre degli Elimi A"]
[Site "Erice ITA"]
[Date "2012.07.26"]
[Round "2"]
[White "Monaco, Alessandro"]
[Black "Ferro, Ferruccio"]
[WhiteElo "1700"]
[BlackElo "1714"]
[Result "1-0"]
[PlyCount "53"]
[EventDate "2012.07.25"]

1. e4 e5 2. Nf3 Nc6 3. d4 exd4 4. Bc4 Bb4+ 5. c3 dxc3 6. bxc3 Be7 7. Qd5 Nh6 8.
Bxh6 O-O 9. Bf4 d6 10. O-O Be6 11. Qd3 Bxc4 12. Qxc4 Rb8 13. Na3 Na5 14. Qd4
Nc6 15. Qd3 a6 16. Rfd1 Qe8 17. Nc2 Rd8 18. Nfd4 Ne5 19. Qg3 c5 20. Nf5 g6 21.
Bh6 Kh8 22. Nxe7 Qxe7 23. Bxf8 Rxf8 24. Ne3 Qe6 25. Rd5 c4 26. Rad1 Rd8 27.
Rxe5 1-0

[Event "III Festival Terre degli Elimi A"]
[Site "Erice ITA"]
[Date "2012.07.26"]
[Round "2"]
[White "Piazza, Dario"]
[Black "La Franca, Vincenzo"]
[WhiteElo "1829"]
[BlackElo "1637"]
[Result "1-0"]
[PlyCount "111"]
[EventDate "2012.07.25"]

1. d4 Nf6 2. Nf3 d5 3. e3 g6 4. c4 c6 5. Nc3 Bg7 6. Qb3 O-O 7. Ne5 e6 8. f4
Nbd7 9. Be2 Nxe5 10. fxe5 Nd7 11. O-O f5 12. Bd2 Qb6 13. Qa3 Qc7 14. cxd5 exd5
15. Rac1 Qb8 16. Na4 Re8 17. Bb4 Bf8 18. Bxf8 Nxf8 19. Nc5 Ne6 20. Rc2 Nxc5 21.
Qxc5 Be6 22. b4 Qd8 23. Rb2 Qe7 24. a4 Bd7 25. a5 Qf8 26. Rf3 Reb8 27. Qxf8+
Kxf8 28. b5 Rc8 29. Rf1 c5 30. Bf3 Be6 31. Rd1 c4 32. Rc1 Rab8 33. Kf1 b6 34.
a6 Rc7 35. Rc3 Rd8 36. Ke2 Rf7 37. Rd2 Kg7 38. Rd1 Rff8 39. g3 Bf7 40. Kd2 Rc8
41. Rc2 Rfd8 42. Kc3 Rc7 43. Rf1 Kf8 44. g4 Be6 45. gxf5 Bxf5 46. e4 dxe4 47.
Bxe4 Rf7 48. Bxf5 Rxf5 49. Rxf5+ gxf5 50. Rf2 Ke7 51. Rxf5 Ke6 52. Rh5 Rd7 53.
Kxc4 Rc7+ 54. Kd3 Kd5 55. Rh6 Re7 56. Rd6# 1-0

[Event "III Festival Terre degli Elimi A"]
[Site "Erice ITA"]
[Date "2012.07.26"]
[Round "2"]
[White "Rizza, Francesco"]
[Black "Epishin, Vladimir V."]
[WhiteElo "2039"]
[BlackElo "2567"]
[Result "0-1"]
[PlyCount "64"]
[EventDate "2012.07.25"]

1. c4 e5 2. Nc3 Nf6 3. Nf3 d6 4. g3 Be7 5. Bg2 O-O 6. O-O Nbd7 7. d4 c6 8. Qc2
Re8 9. b3 Bf8 10. dxe5 dxe5 11. Bb2 h6 12. Rad1 Qc7 13. Nd2 a5 14. Kh1 Nc5 15.
Nde4 Nfxe4 16. Nxe4 Na6 17. f4 Nb4 18. Qd2 exf4 19. gxf4 Bf5 20. Ng3 Rad8 21.
Qc1 Bg4 22. a3 Na6 23. Rxd8 Qxd8 24. Bf3 Bxf3+ 25. Rxf3 Nc5 26. Qc3 Ne4 27.
Nxe4 Qd1+ 28. Kg2 Rxe4 29. Rf2 Rxe2 30. b4 axb4 31. axb4 Rxf2+ 32. Kxf2 Qd6 0-1

[Event "III Festival Terre degli Elimi A"]
[Site "Erice ITA"]
[Date "2012.07.26"]
[Round "2"]
[White "Sammalvuo, Tapani"]
[Black "Bifulco, Michel"]
[WhiteElo "2472"]
[BlackElo "2040"]
[Result "1-0"]
[PlyCount "41"]
[EventDate "2012.07.25"]

1. Nf3 b6 2. e4 Bb7 3. Nc3 e6 4. d4 Bb4 5. Bd3 d5 6. exd5 Bxd5 7. O-O Bb7 8.
Ne4 Nd7 9. Qe2 Ngf6 10. Nxf6+ Nxf6 11. Bg5 Be7 12. Rad1 Nd5 13. Bd2 Nf6 14. c4
O-O 15. Bc3 Nh5 16. Qe3 Bd6 17. g3 Re8 18. Ne5 Qe7 19. Bc2 Qf6 20. f4 Qh6 21.
Ng4 1-0

[Event "III Festival Terre degli Elimi A"]
[Site "Erice ITA"]
[Date "2012.07.26"]
[Round "2"]
[White "Spina, Simonpietro"]
[Black "Gangemi, Salvatore"]
[WhiteElo "1730"]
[BlackElo "2048"]
[Result "1-0"]
[PlyCount "111"]
[EventDate "2012.07.25"]

1. c4 e5 2. Nc3 Nf6 3. g3 Bc5 4. Bg2 O-O 5. Nf3 d6 6. O-O a5 7. b3 Bg4 8. Bb2
Qc8 9. Ng5 Bd4 10. Nd5 Nxd5 11. Bxd4 Nf4 12. gxf4 exd4 13. f3 Bf5 14. Qe1 f6
15. Ne4 Bxe4 16. fxe4 c5 17. e5 Kh8 18. Bd5 dxe5 19. fxe5 Nd7 20. e6 Ne5 21.
Qg3 Qc7 22. Kh1 Rae8 23. Rf4 Ng6 24. Rxf6 Qxg3 25. Rxf8+ Nxf8 26. hxg3 Nxe6 27.
Bxb7 g6 28. Kg2 Ng5 29. Bf3 Kg7 30. Re1 Rf8 31. Bd5 Re8 32. e3 dxe3 33. Rxe3
Rxe3 34. dxe3 Kf6 35. g4 Ke5 36. Kf2 h6 37. Ke2 Ne4 38. Kf3 Nc3 39. Bf7 g5 40.
a4 Ne4 41. Be8 Nd2+ 42. Ke2 Nxb3 43. Kd1 Ke4 44. Kc2 Na1+ 45. Kb2 Kd3 46. Kxa1
Kxc4 47. Kb2 Kd3 48. Bf7 c4 49. Bg6+ Kxe3 50. Kc3 Kf4 51. Bh5 Ke5 52. Kxc4 Kd6
53. Kb5 Kc7 54. Kxa5 Kb7 55. Kb5 Ka7 56. a5 1-0

[Event "III Festival Terre degli Elimi A"]
[Site "Erice ITA"]
[Date "2012.07.26"]
[Round "2"]
[White "Todaro, Adriano"]
[Black "Savalla, Pietro"]
[WhiteElo "1550"]
[BlackElo "1834"]
[Result "0-1"]
[PlyCount "62"]
[EventDate "2012.07.25"]

1. e4 e5 2. Nc3 Nc6 3. Bc4 Nf6 4. Nge2 Be7 5. d3 O-O 6. a3 d6 7. O-O Be6 8. Nd5
Bxd5 9. exd5 Nb8 10. Nc3 Nbd7 11. f4 c6 12. Qf3 Qc7 13. Kh1 exf4 14. Qxf4 Nb6
15. Qf3 cxd5 16. Bxd5 Nbxd5 17. Nxd5 Nxd5 18. Qxd5 Qxc2 19. Qxb7 Bf6 20. Bh6
Bxb2 21. Rxf7 Rxf7 22. Qxa8+ Rf8 23. Qd5+ Kh8 24. Qxd6 Rg8 25. Rf1 gxh6 26. Qd5
Qe2 27. Qf3 Qxf3 28. gxf3 Bxa3 29. Rg1 Rxg1+ 30. Kxg1 a5 31. Kf1 Bd6 0-1

[Event "III Festival Terre degli Elimi A"]
[Site "Erice ITA"]
[Date "2012.07.26"]
[Round "2"]
[White "Wallace, Mitchel"]
[Black "Ganci, Fabrizio"]
[WhiteElo "1852"]
[BlackElo "2156"]
[Result "0-1"]
[PlyCount "70"]
[EventDate "2012.07.25"]

1. Nc3 d5 2. e4 e6 3. Nf3 Nf6 4. exd5 exd5 5. d4 Bd6 6. Bg5 c6 7. Be2 Bf5 8.
O-O O-O 9. Ne5 Re8 10. f4 h6 11. Bh4 Be7 12. Bf2 Nbd7 13. Bd3 Bxd3 14. Qxd3 Bb4
15. Qf5 Qc8 16. Bh4 Bxc3 17. bxc3 c5 18. Rad1 cxd4 19. cxd4 Nb6 20. Qd3 Ne4 21.
Rf3 f6 22. Ng6 Qf5 23. Ne5 fxe5 24. fxe5 Qg4 25. Bg3 Rf8 26. Rdf1 Nc4 27. h3
Qe6 28. Be1 a5 29. Kh2 Ng5 30. Rf4 Rxf4 31. Rxf4 Rf8 32. Rg4 Qf5 33. Qg3 Rf7
34. Qh4 Ne3 35. Rg3 Nf1+ 0-1

[Event "III Festival Terre degli Elimi A"]
[Site "Erice ITA"]
[Date "2012.07.27"]
[Round "3"]
[White "Batsiashvili, Nino"]
[Black "Calamia, Gianpaolo"]
[WhiteElo "2434"]
[BlackElo "1660"]
[Result "1-0"]
[PlyCount "33"]
[EventDate "2012.07.25"]

1. d4 d5 2. Nf3 e6 3. c4 Nf6 4. g3 c6 5. Bg2 Bd6 6. O-O O-O 7. Nc3 a6 8. a4
Nbd7 9. Qd3 Bb4 10. Bf4 Bxc3 11. bxc3 dxc4 12. Qxc4 Qa5 13. Rfe1 Qh5 14. e4 c5
15. Bd6 Re8 16. e5 Nd5 17. dxc5 1-0

[Event "III Festival Terre degli Elimi A"]
[Site "Erice ITA"]
[Date "2012.07.27"]
[Round "3"]
[White "Bertino, Giacomo"]
[Black "Lorito, Francesco"]
[WhiteElo "1987"]
[BlackElo "1749"]
[Result "1-0"]
[PlyCount "51"]
[EventDate "2012.07.25"]

1. d4 c5 2. e4 cxd4 3. c3 dxc3 4. Nxc3 d6 5. Nf3 Nf6 6. Bc4 Nbd7 7. Bf4 e5 8.
Be3 Be7 9. Ng5 O-O 10. Qb3 d5 11. exd5 Bd6 12. O-O Ng4 13. Qc2 Ndf6 14. Nce4
Nxe4 15. Nxe4 Bf5 16. Bd3 Rc8 17. Qe2 Nxh2 18. Qh5 Nxf1 19. Rxf1 Bg6 20. Qh3
Bb8 21. Bc5 f5 22. Bxf8 fxe4 23. Be7 Qe8 24. Bb5 Qxe7 25. Qxc8+ Qf8 26. Qxb7
1-0

[Event "III Festival Terre degli Elimi A"]
[Site "Erice ITA"]
[Date "2012.07.27"]
[Round "3"]
[White "Bifulco, Michel"]
[Black "Cannella, Simone"]
[WhiteElo "2040"]
[BlackElo "1800"]
[Result "1-0"]
[PlyCount "55"]
[EventDate "2012.07.25"]

1. d4 e6 2. c4 f5 3. g3 Nf6 4. Bg2 Bb4+ 5. Bd2 Bxd2+ 6. Nxd2 d5 7. Nh3 O-O 8.
O-O Nc6 9. e3 Ne7 10. Qe2 c6 11. b4 Bd7 12. Rfc1 Qb6 13. Rab1 Rfc8 14. Nf4 a6
15. Nb3 Qd8 16. Nc5 Ng6 17. Nfxe6 Bxe6 18. Nxe6 Qe7 19. Nc5 f4 20. cxd5 cxd5
21. Re1 Re8 22. Qd2 fxg3 23. hxg3 b6 24. Na4 Rab8 25. Qd3 Ne4 26. Nc3 Nh8 27.
Nxd5 Qe6 28. Bxe4 1-0

[Event "III Festival Terre degli Elimi A"]
[Site "Erice ITA"]
[Date "2012.07.27"]
[Round "3"]
[White "Castelli, Giovanni J."]
[Black "Campo, Renato"]
[WhiteElo "1805"]
[BlackElo "2000"]
[Result "0-1"]
[PlyCount "34"]
[EventDate "2012.07.25"]

1. e4 g6 2. d4 Bg7 3. c4 c5 4. d5 d6 5. Nc3 Nf6 6. Nf3 O-O 7. Bd3 Bg4 8. h3
Bxf3 9. Qxf3 Nbd7 10. Qe2 a6 11. a4 e6 12. dxe6 fxe6 13. O-O Nh5 14. Qg4 Qf6
15. Nd5 Qf7 16. Nc7 Ne5 17. Qxe6 Rac8 0-1

[Event "III Festival Terre degli Elimi A"]
[Site "Erice ITA"]
[Date "2012.07.27"]
[Round "3"]
[White "D'Eredita', Elena"]
[Black "Spina, Simonpietro"]
[WhiteElo "1634"]
[BlackElo "1730"]
[Result "1/2-1/2"]
[PlyCount "75"]
[EventDate "2012.07.25"]

1. e4 d6 2. Nc3 Nf6 3. d4 g6 4. Bc4 Bg7 5. Nf3 O-O 6. e5 dxe5 7. Nxe5 Nbd7 8.
O-O Nxe5 9. dxe5 Ng4 10. f4 c6 11. Qxd8 Rxd8 12. h3 Nh6 13. g4 b5 14. Bb3 a5
15. a4 Ba6 16. axb5 cxb5 17. Nd5 a4 18. Nxe7+ Kf8 19. Nc6 Rdc8 20. Bd5 Bb7 21.
Ne7 Bxd5 22. Nxd5 Rxc2 23. Nc3 Rb8 24. Rd1 a3 25. Rxa3 b4 26. Rb3 Ke8 27. Nd5
Rd8 28. Rbd3 Rdc8 29. Bd2 Rxb2 30. Bxb4 Rbc2 31. Nb6 Rb8 32. Rd7 Bf8 33. Bxf8
Kxf8 34. R7d6 Kg7 35. e6 fxe6 36. Rxe6 Kf7 37. Rde1 Ng8 38. f5 1/2-1/2

[Event "III Festival Terre degli Elimi A"]
[Site "Erice ITA"]
[Date "2012.07.27"]
[Round "3"]
[White "Dagnino, Marcello"]
[Black "Galante, Benedetto"]
[WhiteElo "1488"]
[BlackElo "1657"]
[Result "1-0"]
[PlyCount "95"]
[EventDate "2012.07.25"]

1. e4 b6 2. Nf3 Bb7 3. Nc3 e6 4. Be2 Nf6 5. d3 Bb4 6. Bd2 O-O 7. a3 Be7 8. O-O
c5 9. Ne1 Nc6 10. f4 Nd4 11. Nf3 Nxe2+ 12. Qxe2 d6 13. Rae1 Qc7 14. e5 Nd7 15.
exd6 Bxd6 16. Nb5 Qb8 17. Nxd6 Qxd6 18. Ne5 Nf6 19. Bc3 Nd5 20. Bd2 a5 21. Nc4
Qd8 22. Qf3 a4 23. Re2 b5 24. Ne5 Rc8 25. Ng4 c4 26. Qe4 cxd3 27. Qxd3 Ra8 28.
Qg3 b4 29. Re5 bxa3 30. bxa3 Ba6 31. Rfe1 Qe7 32. Rxd5 Qc7 33. Rh5 Qxc2 34.
Nf6+ Kh8 35. Rxh7+ Qxh7 36. Nxh7 Kxh7 37. Bb4 Rfd8 38. Qh3+ Kg8 39. Qf3 Bc4 40.
h3 Rac8 41. Kh2 Rd2 42. Bxd2 Bd5 43. Qd3 Rb8 44. Rb1 Rc8 45. f5 f6 46. fxe6
Bxe6 47. Rb7 Bf7 48. Rxf7 1-0

[Event "III Festival Terre degli Elimi A"]
[Site "Erice ITA"]
[Date "2012.07.27"]
[Round "3"]
[White "Ferrante, Marco"]
[Black "Guramishvili, Sopiko"]
[WhiteElo "2190"]
[BlackElo "2400"]
[Result "0-1"]
[PlyCount "74"]
[EventDate "2012.07.25"]

1. e4 c5 2. Nf3 d6 3. d4 Nf6 4. Nc3 cxd4 5. Nxd4 a6 6. Bg5 Nbd7 7. Bc4 Qb6 8.
Qd2 h6 9. Bh4 Qc5 10. Bb3 b5 11. Bd5 Nxd5 12. Nxd5 Bb7 13. Nb3 Qc4 14. O-O-O
Bxd5 15. Qxd5 Rc8 16. c3 g5 17. Bg3 Bg7 18. Kb1 Nb6 19. Qb7 Na4 20. e5 O-O 21.
Rd4 Qe6 22. exd6 Bxd4 23. Nxd4 Qg6+ 24. Ka1 exd6 25. Qxa6 Rfd8 26. Qxb5 Nc5 27.
f3 Ra8 28. a3 Rdb8 29. Qc4 Na4 30. Rb1 Nxb2 31. Qa2 Na4 32. Rxb8+ Rxb8 33. Nc6
Rb7 34. Nb4 Nxc3 35. Qb2 Na4 36. Qd4 Rc7 37. Nd3 Rc3 0-1

[Event "III Festival Terre degli Elimi A"]
[Site "Erice ITA"]
[Date "2012.07.27"]
[Round "3"]
[White "Ferro, Ferruccio"]
[Black "Ferrante, Filippo"]
[WhiteElo "1714"]
[BlackElo "1583"]
[Result "1-0"]
[PlyCount "57"]
[EventDate "2012.07.25"]

1. b3 Nf6 2. Bb2 e6 3. c4 c5 4. e3 Nc6 5. Nf3 b6 6. Nc3 Bb7 7. Nb5 a6 8. Bxf6
gxf6 9. Nc3 Bg7 10. Rc1 h6 11. Bd3 f5 12. O-O Rg8 13. Be2 Qc7 14. g3 O-O-O 15.
d4 d6 16. a3 h5 17. d5 Ne7 18. Ng5 Bxc3 19. Nxf7 Rdf8 20. dxe6 Be5 21. f4 h4
22. fxe5 hxg3 23. exd6 gxh2+ 24. Kxh2 Rg2+ 25. Kh3 Rfg8 26. d7+ Kb8 27. d8=Q+
Ka7 28. Qxc7 R2g3+ 29. Qxg3 1-0

[Event "III Festival Terre degli Elimi A"]
[Site "Erice ITA"]
[Date "2012.07.27"]
[Round "3"]
[White "Ganci, Fabrizio"]
[Black "Marzaduri, Marco R."]
[WhiteElo "2156"]
[BlackElo "1845"]
[Result "0-1"]
[PlyCount "109"]
[EventDate "2012.07.25"]

1. d4 d5 2. Nf3 Nf6 3. c4 e6 4. Bg5 Nbd7 5. e3 Be7 6. cxd5 exd5 7. Bd3 Ne4 8.
Bf4 Ndf6 9. Qc2 Bb4+ 10. Nc3 c5 11. O-O Bxc3 12. Bb5+ Kf8 13. bxc3 c4 14. Qb2
Qa5 15. a3 a6 16. Qb4+ Qxb4 17. axb4 Nxc3 18. Bd6+ Kg8 19. Ba4 Nxa4 20. Rxa4
Ne4 21. Bc5 Bd7 22. Ra3 f6 23. Rd1 Bg4 24. h3 Bxf3 25. gxf3 Ng5 26. Kg2 Kf7 27.
h4 Ne6 28. e4 Rhd8 29. Kg3 Nxc5 30. bxc5 Rac8 31. exd5 Rxd5 32. Rc3 Rcxc5 33.
dxc5 Rxd1 34. Rxc4 Rd7 35. c6 bxc6 36. Rxc6 Ra7 37. Kf4 Kg6 38. Kg4 a5 39. Rc3
a4 40. Ra3 Ra5 41. h5+ Kh6 42. f4 g6 43. hxg6 hxg6 44. f5 Rxf5 45. f4 Ra5 46.
Kh4 g5+ 47. Kg4 f5+ 48. Kg3 gxf4+ 49. Kxf4 Kg6 50. Rg3+ Kf6 51. Ra3 Ke6 52.
Re3+ Kd6 53. Rc3 a3 54. Rc1 a2 55. Ra1 {(...)} 0-1